000
00245nmm a2200085Ia 4500
008
220120s9999||||xx |||||||||||||||||und||
100
_a
Digit
245
0
_a
Press conferences, game play videos, game trailers, dizzel g
260
_a
Nine dot Nine
_c
2014
999
_c
139932
_d
139932